000 01081naa a22002777a 4500
001 BR7703591
003 BR-BrBNA
005 20250714141742.0
007 ta
008 250630b bl.|||m| |||| 00| 0 por d
040 _aBR-BrBNA
_bpor
_cBiblioteca Nacional de Agricultura
041 _a(Pt)
072 _aP10
090 _aP10 BR7703591
100 1 _aGuimaraes, A.
245 1 _aMetodo dos DPD e outros metodos de possivel utilizacao na determinacao do cloro [Agua; Analise quimica]
500 _aDesinfeccao de aguas de abastecimento. v. 3 - Coleta de amostras e metodos de determinacao de cloro Rio de Janeiro, RJ (Brasil): 1977. p. 69-77 (BR7703591-AMS)
773 0 _tDesinfeccao de aguas de abastecimento. v. 3 - Coleta de amostras e metodos de determinacao de cloro
_wP10 BR7703591
_gRio de Janeiro, RJ (Brasil), 1977. p. 69-77
650 _aRecurso hidrico
650 _aAgua
650 _aAnalise quimica
650 _aCloro
490 _aCadernos FEEMA. Serie Didatica (Brazil)
_vno. 45/76
942 _cAMS
_2AGRIS
909 _a202506
_bLúcia
_c55
_dLúcia Elande
999 _c333034
_d333034